000 00445nam a22001337a 4500
008 150528b xxu||||| |||| 00| 0 eng d
020 _a9789810113735
050 _aQA 135.5
_bK4mhb 2009
100 _aBernice Lau P.W
245 _aMy pals are here! : maths homework 5b
260 _aSingapore
_bMarshall Cavendish Education
_c2009
300 _a170 pages.,
_bcol.,ill.,
_c; 29 cm.
942 _2lcc
_cBK
_hQA 135.5 K4mhb 2009
999 _c284493
_d284493